Griša. Bouře a vzdor /
Druhá část fantasy trilogie pokračuje v líčení osudů světlonošky Aliny Starkové, která disponuje výjimečnou magickou mocí.
Uloženo v:
| Série: | Griša,
část 2 |
|---|---|
| Hlavní autor: | |
| Další autoři: | |
| Médium: | E-kniha |
| Jazyk: | Czech |
| Vydáno: |
Praha :
Fragment,
2021
|
| Vydání: | 2. vydání |
| Témata: | |
| Příbuzné jednotky: | Z cyklu::
Griša |
| Tagy: |
Žádné tagy |
| LEADER | 03153nam a2200577 i 4500 | ||
|---|---|---|---|
| 001 | 311375 | ||
| 003 | CZ PrSKC | ||
| 005 | 20260601215704.0 | ||
| 007 | ta | ||
| 008 | 210527s2021 xr d 000 f cze | ||
| 015 | |a cnb003325862 | ||
| 020 | |a 9788025353189 |q (soubor 2021) : |c Kč 949,00 | ||
| 020 | |a 978-80-253-5874-0 |q (soubor 2022) : |c Kč 999,00 | ||
| 020 | |a 978-80-253-5148-2 |q (brožováno) : |c Kč 349,00 | ||
| 035 | |a (OCoLC)1263284197 | ||
| 040 | |a ABG001 |b cze |d OLA001 |e rda | ||
| 041 | 1 | |a cze |h eng | |
| 072 | 7 | |a 821.111(73)-3 |x Americká próza |2 Konspekt | |
| 072 | 7 | |a 821-93 |x Literatura pro děti a mládež (beletrie) |2 Konspekt | |
| 080 | |a 821.111(73)-31 |2 MRF | ||
| 080 | |a 821-93 |2 MRF | ||
| 080 | |a (0:82-312.9) |2 MRF | ||
| 100 | 1 | |a Bardugo, Leigh, |d 1975- |7 ola2017940808 |4 aut | |
| 240 | 1 | 0 | |a Siege and storm. |l Česky |
| 245 | 1 | 0 | |a Griša. |p Bouře a vzdor / |c Leigh Bardugo ; z anglického originálu Siege and storm přeložila Julie Žemlová |
| 246 | 3 | 0 | |a Bouře a vzdor |
| 250 | |a 2. vydání | ||
| 264 | 1 | |a Praha : |b Fragment, |c 2021 | |
| 300 | |a 379 stran ; |c 21 cm | ||
| 336 | |a text |b txt |2 rdacontent | ||
| 337 | |a bez média |b n |2 rdamedia | ||
| 338 | |a svazek |b nc |2 rdacarrier | ||
| 500 | |a Na obálce nad názvem: GrishaVerse | ||
| 500 | |a Dotisk v roce 2022 | ||
| 500 | |a Část nákladu distribuována v roce 2021 a 2022 v třísvazkovém souboru (Světlo a stíny, Bouře a vzdor, Zkáza a naděje) ve společném kartonovém pouzdru se souborným názvem: Trilogie Griša; ISBN souboru pouze na krabici | ||
| 520 | 2 | |a Druhá část fantasy trilogie pokračuje v líčení osudů světlonošky Aliny Starkové, která disponuje výjimečnou magickou mocí. |b Z Aliny Starkové se stala světlonoška. Jenže cena, kterou za to platí, je vysoká. Temnyj je víc než kdy předtím odhodlaný využít jejích schopností k získání trůnu. Alina se snaží jeho nástrahám vzdorovat, přesto se do nich zaplétá a vzdaluje se od lásky, v níž až doteď hledala své útočiště. Alina cítí, že jestli chce Ravku zachránit, bude si muset vybrat. Ponechá si svoji výjimečnou moc a zachrání zemi, nebo se jí vzdá, a zvolí lásku? Nakladatelská anotace. | |
| 655 | 7 | |a americké romány |7 fd131796 |2 czenas | |
| 655 | 7 | |a fantasy romány |7 fd184199 |2 czenas | |
| 655 | 7 | |a publikace pro mládež |7 fd133157 |2 czenas | |
| 655 | 9 | |a American fiction |2 eczenas | |
| 655 | 9 | |a fantasy novels |2 eczenas | |
| 655 | 9 | |a juvenile literature |2 eczenas | |
| 700 | 1 | |a Žemlová, Julie |7 xx0147330 |4 trl | |
| 740 | 0 | 2 | |a Trilogie Griša |
| 787 | 0 | 8 | |i Z cyklu: |t Griša |g 2 |
| 900 | |a ABA001 |b 20 | ||
| 928 | 9 | |a Albatros Media - Fragment | |
| 044 | |a xr | ||
| 910 | |a RBIT002 | ||
| 998 | |d 332991 |a https://core.palmknihy.cz/api/books/332991/cover?si7vh5 |b https://core.palmknihy.cz/api/books/332991/cover/400?si7vh5 |c https://core.palmknihy.cz/api/books/332991/cover/50?si7vh5 |e 2027-04-01 |g 384 |i 9788025351482 |j https://core.palmknihy.cz/api/books/332991/preview.epub |k https://core.palmknihy.cz/api/books/332991/preview.pdf |l |q 49 |r 1 |s https://www.palmknihy.cz/kniha/332991 |t ebook |y 2021 |z 0 |v Griša |w 2 | ||
| 999 | |d 311373 | ||